[Event "31st Klatovy C 2025"]
[Site "Klatovy CZE"]
[Date "2025.06.29"]
[Round "2.1"]
[White "Kopta, Pavel"]
[Black "Burianek, Petr"]
[Result "1-0"]
[WhiteElo "2199"]
[BlackElo "1901"]
[PlyCount "107"]
[EventDate "2025.06.28"]
[EventType "swiss"]
[EventRounds "9"]
[EventCountry "CZE"]

1. d4 {[%emt 0:00:03]} Nf6 {[%emt 0:00:15]} 2. c4 {[%emt 0:00:09]} g6 {[%emt 0:00:22]} 3. Nc3 {[%emt 0:00:11]} d5 {[%emt 0:00:20]} 4. Bf4 {[%emt 0:00:16]} Bg7 {[%emt 0:00:51]} 5. e3 {[%emt 0:00:29]} O-O {[%emt 0:01:17]} 6. Rc1 {[%emt 0:01:01]} c6 {[%emt 0:01:29]} 7. Nf3 {[%emt 0:01:42]} Qa5 {[%emt 0:07:34]} 8. Qd2 {[%emt 0:05:45]} Nbd7 {[%emt 0:11:23]} 9. cxd5 {[%emt 0:02:56]} Nxd5 {[%emt 0:04:45]} 10. Nxd5 {[%emt 0:00:15]} Qxd5 {[%emt 0:01:32]} 11. Bc4 {[%emt 0:00:47]} Qf5 {[%emt 0:00:02]} 12. Bd3 {[%emt 0:01:28]} Qd5 {[%emt 0:07:47]} 13. O-O {[%emt 0:04:50]} e5 {[%emt 0:07:33]} 14. Bc4 {[%emt 0:03:33]} Qd6 {[%emt 0:02:37]} 15. Bg3 {[%emt 0:00:22]} Qe7 {[%emt 0:05:52]} 16. Qc2 {[%emt 0:13:06]} exd4 {[%emt 0:03:42]} 17. Nxd4 {[%emt 0:05:47]} Re8 {[%emt 0:05:49]} 18. Rfd1 {[%emt 0:01:48]} Nb6 {[%emt 0:02:20]} 19. Bb3 {[%emt 0:00:51]} Be5 {[%emt 0:02:38]} 20. Bxe5 {[%emt 0:07:34]} Qxe5 {[%emt 0:01:08]} 21. Rd2 {[%emt 0:00:24]} Bd7 {[%emt 0:03:31]} 22. h3 {[%emt 0:00:54]} Rad8 {[%emt 0:02:37]} 23. Rcd1 {[%emt 0:01:32]} Qe7 {[%emt 0:03:09]} 24. Qc3 {[%emt 0:02:44]} Qg5 {[%emt 0:07:21]} 25. Nf3 {[%emt 0:07:51]} Qe7 {[%emt 0:01:00]} 26. Qa5 {[%emt 0:02:20]} Ra8 {[%emt 0:04:14]} 27. Ng5 {[%emt 0:04:28]} Nd5 {[%emt 0:03:05]} 28. Bxd5 {[%emt 0:08:00]} cxd5 {[%emt 0:01:20]} 29. Nf3 {[%emt 0:00:16]} Be6 {[%emt 0:03:58]} 30. Rc2 {[%emt 0:04:43]} b6 {[%emt 0:01:44]} 31. Qa6 {[%emt 0:03:00]} Rec8 {[%emt 0:03:20]} 32. Rdc1 {[%emt 0:00:42]} Qd7 {[%emt 0:01:09]} 33. Nd4 {[%emt 0:03:18]} Rxc2 {[%emt 0:01:37]} 34. Rxc2 {[%emt 0:00:08]} Rc8 {[%emt 0:00:04]} 35. Rxc8+ {[%emt 0:05:35]} Qxc8 {[%emt 0:00:01]} 36. Qxc8+ {[%emt 0:00:08]} Bxc8 {[%emt 0:00:03]} 37. Kf1 {[%emt 0:00:36]} Kf8 {[%emt 0:01:53]} 38. h4 {[%emt 0:00:40]} Bd7 {[%emt 0:00:38]} 39. Ke2 {[%emt 0:00:22]} Ke7 {[%emt 0:00:08]} 40. Kd3 {[%emt 0:00:41]} Kd6 {[%emt 0:01:09]} 41. b4 {[%emt 0:01:09]} a5 {[%emt 0:03:56]} 42. a3 {[%emt 0:00:32]} f5 {[%emt 0:01:27]} 43. Nf3 {[%emt 0:01:19]} h6 {[%emt 0:01:17]} 44. bxa5 {[%emt 0:00:46]} bxa5 {[%emt 0:00:03]} 45. Kd4 {[%emt 0:00:12]} Be8 {[%emt 0:02:50]} 46. g3 {[%emt 0:01:11]} Bd7 {[%emt 0:01:47]} 47. Ne5 {[%emt 0:04:24]} Be8 {[%emt 0:00:26]} 48. Nd3 {[%emt 0:00:16]} g5 {[%emt 0:01:52]} 49. Nc5 {[%emt 0:01:07]} Bc6 {[%emt 0:04:25]} 50. Nb3 {[%emt 0:00:28]} a4 {[%emt 0:02:24]} 51. Nd2 {[%emt 0:01:00]} g4 {[%emt 0:01:47]} 52. Nb1 {[%emt 0:00:40]} Bb5 {[%emt 0:02:28]} 53. Nc3 {[%emt 0:00:44]} Bc6 {[%emt 0:00:07]} 54. h5 {[%emt 0:00:54]} 1-0

[Event "31st Klatovy C 2025"]
[Site "Klatovy CZE"]
[Date "2025.06.29"]
[Round "2.2"]
[White "Pribyl, Rene"]
[Black "Sabol, Marian"]
[Result "1-0"]
[WhiteElo "1905"]
[BlackElo "2197"]
[PlyCount "51"]
[EventDate "2025.06.28"]
[EventType "swiss"]
[EventRounds "9"]
[EventCountry "CZE"]

1. d4 {[%emt 0:00:02]} Nf6 {[%emt 0:00:34]} 2. c4 {[%emt 0:00:05]} e6 {[%emt 0:01:03]} 3. Nc3 {[%emt 0:00:19]} d5 {[%emt 0:01:01]} 4. Bf4 {[%emt 0:00:40]} c6 {[%emt 0:01:29]} 5. e3 {[%emt 0:00:15]} Bd6 {[%emt 0:00:53]} 6. Bxd6 {[%emt 0:00:25]} Qxd6 {[%emt 0:00:08]} 7. Nf3 {[%emt 0:02:53]} Nbd7 {[%emt 0:00:13]} 8. a3 {[%emt 0:02:07]} O-O {[%emt 0:01:32]} 9. Be2 {[%emt 0:01:10]} b6 {[%emt 0:02:32]} 10. O-O {[%emt 0:05:25]} Bb7 {[%emt 0:00:53]} 11. b4 {[%emt 0:09:30]} c5 {[%emt 0:13:59]} 12. cxd5 {[%emt 0:04:08]} cxb4 {[%emt 0:05:35]} 13. Nb5 {[%emt 0:01:08]} Qb8 {[%emt 0:09:11]} 14. dxe6 {[%emt 0:13:03]} fxe6 {[%emt 0:00:31]} 15. axb4 {[%emt 0:00:12]} Nd5 {[%emt 0:00:40]} 16. Qb3 {[%emt 0:01:50]} Rf6 {[%emt 0:00:41]} 17. Nc3 {[%emt 0:17:10]} Rh6 {[%emt 0:04:31]} 18. h3 {[%emt 0:05:20]} Qd6 {[%emt 0:03:35]} 19. Nxd5 {[%emt 0:04:50]} Bxd5 {[%emt 0:00:12]} 20. Qb2 {[%emt 0:00:20]} Qe7 {[%emt 0:08:51]} 21. Rfc1 {[%emt 0:13:58]} a5 {[%emt 0:15:32]} 22. bxa5 {[%emt 0:01:49]} bxa5 {[%emt 0:00:15]} 23. Qa3 {[%emt 0:03:14]} Qf6 {[%emt 0:14:00]} 24. Qd6 {[%emt 0:01:52]} Nf8 {[%emt 0:04:02]} 25. Rc5 {[%emt 0:01:24]} Rg6 {[%emt 0:02:04]} 26. Rxd5 {[%emt 0:00:42]} 1-0

[Event "31st Klatovy C 2025"]
[Site "Klatovy CZE"]
[Date "2025.06.29"]
[Round "2.3"]
[White "Cakl, Zdenek"]
[Black "Kovar, Petr"]
[Result "1/2-1/2"]
[WhiteElo "2155"]
[BlackElo "1887"]
[PlyCount "93"]
[EventDate "2025.06.28"]
[EventType "swiss"]
[EventRounds "9"]
[EventCountry "CZE"]

1. Nf3 {[%emt 0:00:04]} c5 {[%emt 0:00:52]} 2. b3 {[%emt 0:00:12]} Nf6 {[%emt 0:01:57]} 3. Bb2 {[%emt 0:00:13]} e6 {[%emt 0:00:35]} 4. e3 {[%emt 0:00:09]} d5 {[%emt 0:00:18]} 5. c4 {[%emt 0:00:07]} Be7 {[%emt 0:01:57]} 6. cxd5 {[%emt 0:00:06]} exd5 {[%emt 0:00:17]} 7. Be2 {[%emt 0:02:49]} O-O {[%emt 0:01:09]} 8. O-O {[%emt 0:00:07]} Nc6 {[%emt 0:02:06]} 9. d4 {[%emt 0:00:08]} Bf5 {[%emt 0:13:46]} 10. Nc3 {[%emt 0:03:07]} Rc8 {[%emt 0:04:02]} 11. Rc1 {[%emt 0:01:28]} cxd4 {[%emt 0:24:13]} 12. Nxd4 {[%emt 0:01:26]} Nxd4 {[%emt 0:01:30]} 13. Qxd4 {[%emt 0:01:26]} Bc5 {[%emt 0:02:57]} 14. Qf4 {[%emt 0:02:41]} Be6 {[%emt 0:03:06]} 15. Rfd1 {[%emt 0:08:17]} Qe7 {[%emt 0:04:35]} 16. Bf3 {[%emt 0:05:26]} Rfd8 {[%emt 0:00:39]} 17. Nb5 {[%emt 0:01:48]} Bd7 {[%emt 0:15:45]} 18. Nd4 {[%emt 0:03:16]} Ba3 {[%emt 0:16:32]} 19. Rxc8 {[%emt 0:06:20]} Bxc8 {[%emt 0:05:41]} 20. Ba1 {[%emt 0:01:49]} Bd6 {[%emt 0:05:14]} 21. Nf5 {[%emt 0:04:02]} Bxf5 {[%emt 0:02:15]} 22. Qxf5 {[%emt 0:00:07]} Qe6 {[%emt 0:01:24]} 23. Qg5 {[%emt 0:07:13]} Bc5 {[%emt 0:01:59]} 24. Bxf6 {[%emt 0:11:15]} Qxf6 {[%emt 0:00:11]} 25. Qxf6 {[%emt 0:00:07]} gxf6 {[%emt 0:00:05]} 26. Bxd5 {[%emt 0:00:34]} Kf8 {[%emt 0:00:39]} 27. Kf1 {[%emt 0:00:56]} Ke7 {[%emt 0:00:13]} 28. Ke2 {[%emt 0:01:04]} b6 {[%emt 0:02:02]} 29. e4 {[%emt 0:01:21]} Bd6 {[%emt 0:00:57]} 30. Rd3 {[%emt 0:03:02]} Rg8 {[%emt 0:02:00]} 31. Rh3 {[%emt 0:02:21]} Rg7 {[%emt 0:00:24]} 32. Kd3 {[%emt 0:01:50]} Be5 {[%emt 0:00:45]} 33. g3 {[%emt 0:01:21]} Kd6 {[%emt 0:00:35]} 34. f4 {[%emt 0:02:20]} Bb2 {[%emt 0:00:13]} 35. Rh5 {[%emt 0:01:53]} a6 {[%emt 0:01:01]} 36. a4 {[%emt 0:01:04]} a5 {[%emt 0:00:48]} 37. Bc4 {[%emt 0:06:26]} Ba1 {[%emt 0:01:39]} 38. Rd5+ {[%emt 0:00:44]} Kc7 {[%emt 0:02:11]} 39. Kc2 {[%emt 0:00:59]} f5 {[%emt 0:03:45]} 40. e5 {[%emt 0:01:24]} Rg6 {[%emt 0:03:30]} 41. Rd1 {[%emt 0:00:34]} Rh6 {[%emt 0:00:44]} 42. Rxa1 {[%emt 0:01:16]} Rxh2+ {[%emt 0:00:11]} 43. Kd3 {[%emt 0:00:43]} Rg2 {[%emt 0:00:14]} 44. Rh1 {[%emt 0:00:21]} Rxg3+ {[%emt 0:00:21]} 45. Ke2 {[%emt 0:00:08]} Rg4 {[%emt 0:00:58]} 46. Kf3 {[%emt 0:00:08]} Rg7 {[%emt 0:00:20]} 47. Bd3 {[%emt 0:00:18]} 1/2-1/2

[Event "31st Klatovy C 2025"]
[Site "Klatovy CZE"]
[Date "2025.06.29"]
[Round "2.4"]
[White "Danek, Vaclav"]
[Black "Korsa, Jindrich"]
[Result "0-1"]
[WhiteElo "1904"]
[BlackElo "2021"]
[PlyCount "78"]
[EventDate "2025.06.28"]
[EventType "swiss"]
[EventRounds "9"]
[EventCountry "CZE"]

1. e4 {[%emt 0:00:07]} d5 {[%emt 0:00:09]} 2. exd5 {[%emt 0:00:17]} Qxd5 {[%emt 0:00:08]} 3. Qf3 {[%emt 0:00:13]} Qe5+ {[%emt 0:02:52]} 4. Ne2 {[%emt 0:01:21]} Nc6 {[%emt 0:00:34]} 5. c3 {[%emt 0:00:19]} Nf6 {[%emt 0:00:50]} 6. d4 {[%emt 0:00:10]} Qf5 {[%emt 0:02:02]} 7. Qxf5 {[%emt 0:00:43]} Bxf5 {[%emt 0:00:01]} 8. Ng3 {[%emt 0:00:25]} Bd7 {[%emt 0:01:04]} 9. Bc4 {[%emt 0:00:46]} e5 {[%emt 0:05:53]} 10. Be3 {[%emt 0:00:29]} exd4 {[%emt 0:00:09]} 11. cxd4 {[%emt 0:00:13]} Bb4+ {[%emt 0:00:37]} 12. Nc3 {[%emt 0:00:09]} O-O {[%emt 0:00:46]} 13. O-O {[%emt 0:00:11]} Rad8 {[%emt 0:06:14]} 14. a3 {[%emt 0:00:44]} Ba5 {[%emt 0:00:23]} 15. Rfd1 {[%emt 0:01:47]} Rfe8 {[%emt 0:04:45]} 16. Bg5 {[%emt 0:00:26]} Bb6 {[%emt 0:09:27]} 17. Bxf6 {[%emt 0:01:05]} gxf6 18. Nh5 {[%emt 0:01:25]} Bxd4 {[%emt 0:02:16]} 19. Rxd4 {[%emt 0:00:50]} Nxd4 20. Nxf6+ {[%emt 0:00:18]} Kg7 {[%emt 0:03:28]} 21. Nxe8+ {[%emt 0:00:19]} Bxe8 {[%emt 0:01:06]} 22. Rd1 {[%emt 0:00:53]} c5 {[%emt 0:03:06]} 23. Rd3 {[%emt 0:09:09]} b5 {[%emt 0:03:26]} 24. Rg3+ {[%emt 0:00:15]} Kf8 {[%emt 0:00:07]} 25. Bf1 {[%emt 0:00:49]} Bc6 {[%emt 0:05:38]} 26. Rg5 {[%emt 0:05:09]} Ne6 {[%emt 0:07:40]} 27. Re5 {[%emt 0:00:28]} Rd2 {[%emt 0:10:31]} 28. Re2 {[%emt 0:00:25]} Rd4 {[%emt 0:01:45]} 29. f3 {[%emt 0:00:39]} a5 {[%emt 0:09:17]} 30. Rc2 {[%emt 0:01:38]} b4 {[%emt 0:03:55]} 31. Ne2 {[%emt 0:04:30]} Rd1 {[%emt 0:02:31]} 32. axb4 {[%emt 0:03:41]} axb4 {[%emt 0:00:27]} 33. Kf2 {[%emt 0:00:07]} Ba4 {[%emt 0:01:44]} 34. Rc1 {[%emt 0:03:41]} Rd2 {[%emt 0:03:18]} 35. Rb1 {[%emt 0:00:34]} Bc2 {[%emt 0:07:35]} 36. Ra1 {[%emt 0:00:37]} Bb3 {[%emt 0:00:15]} 37. Ke3 {[%emt 0:00:19]} Rxb2 {[%emt 0:00:32]} 38. Nc1 {[%emt 0:00:14]} Bd5 {[%emt 0:02:36]} 39. Nd3 {[%emt 0:01:36]} Rc2 {[%emt 0:02:30]} 0-1

[Event "31st Klatovy C 2025"]
[Site "Klatovy CZE"]
[Date "2025.06.29"]
[Round "2.5"]
[White "Tvrdy, Jindrich"]
[Black "Sedlak, Ludek"]
[Result "1/2-1/2"]
[WhiteElo "1893"]
[BlackElo "1937"]
[PlyCount "27"]
[EventDate "2025.06.28"]
[EventType "swiss"]
[EventRounds "9"]
[EventCountry "CZE"]

1. e4 {[%emt 0:00:04]} e5 {[%emt 0:00:17]} 2. Nc3 {[%emt 0:00:23]} Nc6 {[%emt 0:00:57]} 3. Bc4 {[%emt 0:00:08]} Nf6 {[%emt 0:00:21]} 4. d3 {[%emt 0:00:07]} h6 {[%emt 0:04:07]} 5. f4 {[%emt 0:09:34]} Bc5 {[%emt 0:06:53]} 6. Nf3 {[%emt 0:00:07]} d6 {[%emt 0:00:23]} 7. Na4 {[%emt 0:00:57]} Bb6 {[%emt 0:09:25]} 8. Nxb6 {[%emt 0:00:07]} axb6 {[%emt 0:00:09]} 9. a3 {[%emt 0:05:52]} Qe7 {[%emt 0:00:56]} 10. Qe2 {[%emt 0:16:36]} Be6 {[%emt 0:08:08]} 11. Bxe6 {[%emt 0:07:14]} Qxe6 {[%emt 0:01:21]} 12. f5 {[%emt 0:00:08]} Qe7 {[%emt 0:00:48]} 13. Be3 {[%emt 0:04:41]} d5 {[%emt 0:03:57]} 14. Bf2 {[%emt 0:13:02]} 1/2-1/2

[Event "31st Klatovy C 2025"]
[Site "Klatovy CZE"]
[Date "2025.06.29"]
[Round "2.6"]
[White "Pavlicek, Petr"]
[Black "Hlavac, Rudolf"]
[Result "1/2-1/2"]
[WhiteElo "1879"]
[BlackElo "1923"]
[PlyCount "58"]
[EventDate "2025.06.28"]
[EventType "swiss"]
[EventRounds "9"]
[EventCountry "CZE"]

1. c4 {[%emt 0:00:04]} Nf6 {[%emt 0:00:31]} 2. d4 {[%emt 0:00:12]} g6 {[%emt 0:00:51]} 3. g3 {[%emt 0:00:19]} Bg7 {[%emt 0:00:46]} 4. Bg2 {[%emt 0:00:12]} d5 {[%emt 0:00:12]} 5. cxd5 {[%emt 0:00:28]} Nxd5 {[%emt 0:00:17]} 6. e4 {[%emt 0:00:25]} Nb6 {[%emt 0:00:25]} 7. Ne2 {[%emt 0:00:23]} O-O {[%emt 0:00:48]} 8. O-O {[%emt 0:00:20]} Nc6 {[%emt 0:01:20]} 9. d5 {[%emt 0:00:32]} Na5 {[%emt 0:01:02]} 10. Nbc3 {[%emt 0:02:31]} Nac4 {[%emt 0:08:24]} 11. b3 {[%emt 0:01:31]} Nd6 {[%emt 0:01:49]} 12. Be3 {[%emt 0:03:38]} f5 {[%emt 0:08:04]} 13. Bd4 {[%emt 0:02:42]} e5 {[%emt 0:09:47]} 14. dxe6 {[%emt 0:01:01]} Bxe6 {[%emt 0:00:21]} 15. Bxg7 {[%emt 0:06:09]} Kxg7 {[%emt 0:00:35]} 16. Nf4 {[%emt 0:00:25]} Qf6 {[%emt 0:03:36]} 17. Nxe6+ {[%emt 0:02:57]} Qxe6 {[%emt 0:00:15]} 18. Qd4+ {[%emt 0:00:22]} Kg8 {[%emt 0:00:42]} 19. e5 {[%emt 0:02:32]} Nf7 {[%emt 0:06:26]} 20. Bxb7 {[%emt 0:00:36]} Rad8 {[%emt 0:02:20]} 21. Qc5 {[%emt 0:03:59]} Qxe5 {[%emt 0:01:41]} 22. Qxe5 {[%emt 0:01:16]} Nxe5 {[%emt 0:00:17]} 23. Rad1 {[%emt 0:02:48]} Kg7 {[%emt 0:07:16]} 24. Rfe1 {[%emt 0:04:21]} Kf6 {[%emt 0:02:26]} 25. f4 {[%emt 0:04:14]} Nd3 {[%emt 0:03:39]} 26. Re3 {[%emt 0:00:47]} Nc5 {[%emt 0:00:28]} 27. Bf3 {[%emt 0:00:55]} Rxd1+ {[%emt 0:00:37]} 28. Bxd1 {[%emt 0:01:43]} Rd8 {[%emt 0:01:43]} 29. Bc2 {[%emt 0:04:01]} Rd2 {[%emt 0:04:16]} 1/2-1/2

[Event "31st Klatovy C 2025"]
[Site "Klatovy CZE"]
[Date "2025.06.29"]
[Round "2.7"]
[White "Zidu, Jan"]
[Black "Zednik, Zdenek"]
[Result "1/2-1/2"]
[WhiteElo "1922"]
[BlackElo "1877"]
[PlyCount "46"]
[EventDate "2025.06.28"]
[EventType "swiss"]
[EventRounds "9"]
[EventCountry "CZE"]

1. e4 {[%emt 0:00:03]} c5 {[%emt 0:00:13]} 2. d4 {[%emt 0:00:04]} cxd4 {[%emt 0:00:05]} 3. Nf3 {[%emt 0:00:04]} d6 {[%emt 0:00:20]} 4. Nxd4 {[%emt 0:00:31]} Nf6 {[%emt 0:00:08]} 5. Nc3 {[%emt 0:00:04]} a6 {[%emt 0:00:05]} 6. Bd3 {[%emt 0:03:17]} g6 {[%emt 0:06:09]} 7. Be3 {[%emt 0:04:24]} Bg7 {[%emt 0:00:09]} 8. f3 {[%emt 0:03:20]} O-O {[%emt 0:01:04]} 9. Qd2 {[%emt 0:00:23]} e5 {[%emt 0:00:48]} 10. Nb3 {[%emt 0:06:15]} Be6 {[%emt 0:00:46]} 11. O-O-O {[%emt 0:06:13]} Nc6 {[%emt 0:02:55]} 12. Qf2 {[%emt 0:05:09]} Qc7 {[%emt 0:05:09]} 13. Bb6 {[%emt 0:02:37]} Qe7 {[%emt 0:00:43]} 14. Rhe1 {[%emt 0:03:48]} Rac8 {[%emt 0:01:30]} 15. Kb1 {[%emt 0:01:47]} Nb4 {[%emt 0:02:20]} 16. Bf1 {[%emt 0:05:30]} Bxb3 {[%emt 0:00:48]} 17. axb3 {[%emt 0:02:10]} Nd7 {[%emt 0:09:31]} 18. Nd5 {[%emt 0:05:35]} Nxd5 {[%emt 0:04:23]} 19. Rxd5 {[%emt 0:00:02]} Bh6 {[%emt 0:06:35]} 20. Red1 {[%emt 0:01:53]} Rc6 {[%emt 0:00:09]} 21. Be3 {[%emt 0:06:45]} Bxe3 {[%emt 0:00:44]} 22. Qxe3 {[%emt 0:00:02]} Rfc8 {[%emt 0:02:41]} 23. c3 Nf6 1/2-1/2

[Event "31st Klatovy C 2025"]
[Site "Klatovy CZE"]
[Date "2025.06.29"]
[Round "2.8"]
[White "Pelikan, Jaromir"]
[Black "Navratil, Jiri"]
[Result "1/2-1/2"]
[WhiteElo "1876"]
[BlackElo "1913"]
[PlyCount "50"]
[EventDate "2025.06.28"]
[EventType "swiss"]
[EventRounds "9"]
[EventCountry "CZE"]

1. d4 {[%emt 0:00:01]} d5 {[%emt 0:00:13]} 2. Nf3 {[%emt 0:00:07]} Nf6 {[%emt 0:00:07]} 3. g3 {[%emt 0:00:09]} e6 {[%emt 0:01:38]} 4. Bg2 {[%emt 0:00:18]} Be7 {[%emt 0:00:09]} 5. c4 {[%emt 0:00:09]} O-O {[%emt 0:00:29]} 6. O-O {[%emt 0:00:06]} Ne4 {[%emt 0:02:04]} 7. Qc2 {[%emt 0:01:37]} c6 {[%emt 0:00:26]} 8. Nc3 {[%emt 0:02:41]} f5 {[%emt 0:00:17]} 9. Ne5 {[%emt 0:03:06]} Nd7 {[%emt 0:00:53]} 10. Bf4 {[%emt 0:01:13]} Bf6 {[%emt 0:09:13]} 11. Rfd1 {[%emt 0:08:53]} Qe7 {[%emt 0:13:36]} 12. f3 {[%emt 0:09:15]} Bxe5 {[%emt 0:10:18]} 13. Bxe5 {[%emt 0:06:26]} Nxe5 {[%emt 0:01:01]} 14. dxe5 {[%emt 0:01:49]} Qc5+ {[%emt 0:00:27]} 15. e3 {[%emt 0:01:11]} Qxe3+ {[%emt 0:00:18]} 16. Kf1 {[%emt 0:00:24]} Nxc3 {[%emt 0:00:46]} 17. Qxc3 {[%emt 0:00:13]} Qxc3 {[%emt 0:00:21]} 18. bxc3 {[%emt 0:00:02]} b6 {[%emt 0:00:26]} 19. cxd5 {[%emt 0:00:26]} cxd5 {[%emt 0:00:07]} 20. f4 {[%emt 0:00:34]} Ba6+ {[%emt 0:00:04]} 21. Kf2 {[%emt 0:00:29]} Rac8 {[%emt 0:00:10]} 22. Rdc1 {[%emt 0:01:08]} Rc5 {[%emt 0:00:09]} 23. Ke3 {[%emt 0:00:56]} Rfc8 {[%emt 0:00:16]} 24. Kd2 {[%emt 0:00:20]} d4 {[%emt 0:00:21]} 25. cxd4 {[%emt 0:01:00]} Rxc1 {[%emt 0:00:27]} 1/2-1/2

[Event "31st Klatovy C 2025"]
[Site "Klatovy CZE"]
[Date "2025.06.29"]
[Round "2.9"]
[White "Berka, Lubos"]
[Black "Kaderabek, Jiri"]
[Result "1/2-1/2"]
[WhiteElo "1836"]
[BlackElo "2045"]
[PlyCount "96"]
[EventDate "2025.06.28"]
[EventType "swiss"]
[EventRounds "9"]
[EventCountry "CZE"]

1. e4 c5 2. Nc3 Nc6 3. g3 g6 4. Bg2 Bg7 5. d3 d6 6. Nge2 h5 7. Bg5 Nd4 8. Nxd4 cxd4 9. Ne2 Qa5+ 10. Bd2 Qb6 11. Qc1 h4 12. c3 dxc3 13. Bxc3 Nf6 14. Bd4 Qa6 15. Qd2 e5 16. Bc3 Bg4 17. h3 Bxe2 18. Qxe2 Nh5 19. Qf3 O-O 20. O-O Qb6 21. Kh2 Qd8 22. Bd2 Bf6 23. Rac1 Ng7 24. Rc2 Ne6 25. Be3 Kg7 26. Rfc1 Rb8 27. Rc4 Bg5 28. g4 Qd7 29. Bxg5 Nxg5 30. Qd1 Rfc8 31. d4 Rxc4 32. Rxc4 Rc8 33. Qc1 Rxc4 34. Qxc4 Ne6 35. dxe5 dxe5 36. Qd5 Qc7 37. Bf1 Nd4 38. Bc4 Qe7 39. f4 b5 40. Bf1 Qf6 41. f5 Kh6 42. Qa8 Kg5 43. Qc8 Qc6 44. Qxc6 Nxc6 45. Bxb5 Nd4 46. Be8 gxf5 47. exf5 f6 48. b4 Kf4 1/2-1/2

[Event "31st Klatovy C 2025"]
[Site "Klatovy CZE"]
[Date "2025.06.29"]
[Round "2.10"]
[White "Turner, Radek"]
[Black "Novak, Vaclav 1968"]
[Result "1-0"]
[WhiteElo "2031"]
[BlackElo "1837"]
[PlyCount "87"]
[EventDate "2025.06.28"]
[EventType "swiss"]
[EventRounds "9"]
[EventCountry "CZE"]

1. c4 e5 2. g3 Nf6 3. Bg2 d5 4. cxd5 Nxd5 5. Nf3 Nc6 6. O-O g6 7. d4 exd4 8. Nxd4 Bg7 9. Nxc6 bxc6 10. e4 Ne7 11. Qxd8+ Kxd8 12. Nc3 Rb8 13. Rd1+ Ke8 14. f4 Bg4 15. Rd2 Rd8 16. Rxd8+ Kxd8 17. Be3 Bxc3 18. bxc3 a6 19. h3 Be2 20. Rb1 Bb5 21. h4 f5 22. a4 Bc4 23. Rb8+ Nc8 24. exf5 gxf5 25. Bxc6 Rg8 26. Kf2 Ke7 27. Bc5+ Nd6 28. Rb4 Be6 29. Rb7 Rc8 30. Ra7 Bc4 31. Bb7 Rb8 32. Ke3 Kd7 33. Bxd6 Kxd6 34. Kd4 Bf1 35. Bxa6 Bg2 36. Bd3 Rg8 37. Ra5 Rxg3 38. Rxf5 Rg7 39. h5 c5+ 40. Kc4 Rg4 41. a5 Bb7 42. Kb3 Bc8 43. Rf6+ Kc7 44. h6 1-0

[Event "31st Klatovy C 2025"]
[Site "Klatovy CZE"]
[Date "2025.06.29"]
[Round "2.11"]
[White "Ondrejat, Miroslav"]
[Black "Halla, Jiri"]
[Result "1-0"]
[WhiteElo "2012"]
[BlackElo "1843"]
[PlyCount "51"]
[EventDate "2025.06.28"]
[EventType "swiss"]
[EventRounds "9"]
[EventCountry "CZE"]

1. e4 e6 2. d4 d5 3. Nc3 Bb4 4. e5 c5 5. a3 Bxc3+ 6. bxc3 Qc7 7. Nf3 Bd7 8. Be2 Ba4 9. O-O Nc6 10. Be3 c4 11. Nh4 Nge7 12. g4 Ng6 13. Ng2 Qe7 14. f4 f5 15. exf6 Qxf6 16. f5 exf5 17. gxf5 Nh4 18. Bh5+ Kd7 19. Qg4 Nxg2 20. Qxg2 Ne7 21. Bg5 Qd6 22. Bg4 Kc6 23. Rae1 Rae8 24. Re6 Qxe6 25. fxe6 Rhg8 26. Bxe7 1-0

[Event "31st Klatovy C 2025"]
[Site "Klatovy CZE"]
[Date "2025.06.29"]
[Round "2.12"]
[White "Novotny, Jaroslav 1956"]
[Black "Novotny, Jaromir"]
[Result "0-1"]
[WhiteElo "1946"]
[BlackElo "1765"]
[PlyCount "108"]
[EventDate "2025.06.28"]
[EventType "swiss"]
[EventRounds "9"]
[EventCountry "CZE"]

1. e4 d5 2. exd5 Nf6 3. Bb5+ Nbd7 4. c4 g6 5. Ne2 Bg7 6. Nbc3 O-O 7. Bxd7 Bxd7 8. O-O c6 9. dxc6 Bxc6 10. d4 e6 11. h3 Rc8 12. Be3 b6 13. Rc1 Qd7 14. Qd3 Qb7 15. f3 Rfd8 16. b3 h6 17. a4 a6 18. Bf2 Nh5 19. Rfd1 Nf6 20. Ng3 Rb8 21. Qe3 b5 22. axb5 axb5 23. Nce4 Nxe4 24. Nxe4 bxc4 25. bxc4 Qb3 26. Rd3 Qa2 27. c5 Rb2 28. Ra3 Qd5 29. Nd6 Rxf2 30. Qf4 Qxd4 31. Qxf7+ Kh7 32. Kh1 Qf6 33. Qc7 Bd5 34. Rb1 Qg5 35. Rg1 Rg8 36. Ne4 Bxe4 37. fxe4 Rc2 38. c6 Qe5 39. Qd7 Qxe4 40. Ra6 Qd5 41. Qxd5 exd5 42. Re1 d4 43. Re7 d3 44. Rd7 d2 45. Kh2 Kh8 46. Kg3 Rc8 47. Kf3 R2xc6 48. Rxc6 Rxc6 49. Rxd2 h5 50. g4 Rc3+ 51. Kg2 hxg4 52. hxg4 Be5 53. Rd5 Bf4 54. Kf2 g5 0-1

[Event "31st Klatovy C 2025"]
[Site "Klatovy CZE"]
[Date "2025.06.29"]
[Round "2.13"]
[White "Andersen, Jorgen M"]
[Black "Fiser, Jiri 1942"]
[Result "1/2-1/2"]
[WhiteElo "1928"]
[BlackElo "1821"]
[PlyCount "137"]
[EventDate "2025.06.28"]
[EventType "swiss"]
[EventRounds "9"]
[EventCountry "CZE"]

1. c4 f5 2. Nc3 Nf6 3. d4 g6 4. g3 Bg7 5. Bg2 O-O 6. Nf3 d6 7. O-O c6 8. Qc2 a5 9. h3 Na6 10. a3 Qc7 11. Rb1 e5 12. c5 e4 13. cxd6 Qxd6 14. Bf4 Qe7 15. Nh2 Be6 16. Be5 Nd5 17. Nxd5 Bxd5 18. Bxg7 Kxg7 19. Qd2 Nc7 20. Rfc1 g5 21. e3 a4 22. Bf1 b5 23. Rc5 Ne6 24. Rc3 h5 25. Rbc1 Qd6 26. Qc2 Ra6 27. Qd1 Kh6 28. Be2 h4 29. Qe1 hxg3 30. fxg3 Kg6 31. Qf2 Ra7 32. Bf1 Rh7 33. Bg2 Ng7 34. Nf1 Ne6 35. Qc2 Re7 36. g4 Nd8 37. Qf2 Rf6 38. gxf5+ Rxf5 39. Qc2 Rf6 40. Qe2 Nf7 41. Nh2 Nh6 42. Ng4 Nxg4 43. Qxg4 Qe6 44. Qg3 Ref7 45. h4 g4 46. Rf1 Rxf1+ 47. Bxf1 Rf3 48. Qg2 Kh5 49. Be2 Rf6 50. Qg3 Rg6 51. Rc5 Qf6 52. Bxb5 Qxh4 53. Qe5+ Qg5 54. Qh2+ Qh4 55. Bxc6 Qxh2+ 56. Kxh2 Rxc6 57. Rxd5+ Kh4 58. Rc5 g3+ 59. Kg2 Rf6 60. Rc2 Rf3 61. Re2 Kg5 62. Kg1 Kf5 63. Kg2 Ke6 64. Kh3 Kd5 65. Kg2 Kc4 66. Rc2+ Kb3 67. Re2 Kc4 68. Rc2+ Kb3 69. Re2 1/2-1/2

[Event "31st Klatovy C 2025"]
[Site "Klatovy CZE"]
[Date "2025.06.29"]
[Round "2.14"]
[White "Titera, Libor"]
[Black "Skopec, Lubos"]
[Result "1/2-1/2"]
[WhiteElo "1844"]
[BlackElo "1905"]
[PlyCount "59"]
[EventDate "2025.06.28"]
[EventType "swiss"]
[EventRounds "9"]
[EventCountry "CZE"]

1. e4 c5 2. a3 d6 3. Nf3 Nc6 4. b4 Nf6 5. Nc3 Bg4 6. Bb5 e6 7. h3 cxb4 8. axb4 Bh5 9. Bb2 Be7 10. d3 O-O 11. Bxc6 bxc6 12. Qd2 a5 13. bxa5 Rxa5 14. Rxa5 Qxa5 15. Nd4 Qc7 16. O-O Rb8 17. Nb3 c5 18. f4 h6 19. f5 exf5 20. exf5 d5 21. Bc1 d4 22. Ne2 Bxe2 23. Qxe2 Bd6 24. Qf3 Re8 25. Bf4 Bxf4 26. Qxf4 Qe7 27. Qf3 Qd6 28. Qf4 Qe7 29. Qf3 Qd6 30. Qf4 1/2-1/2

[Event "31st Klatovy C 2025"]
[Site "Klatovy CZE"]
[Date "2025.06.29"]
[Round "2.15"]
[White "Truksa, Vaclav"]
[Black "Steiner, Juraj"]
[Result "0-1"]
[WhiteElo "1742"]
[BlackElo "1966"]
[PlyCount "74"]
[EventDate "2025.06.28"]
[EventType "swiss"]
[EventRounds "9"]
[EventCountry "CZE"]

1. d4 d5 2. c4 e6 3. Nc3 Nf6 4. Nf3 Be7 5. e3 O-O 6. Bd3 Nbd7 7. O-O b6 8. cxd5 exd5 9. e4 dxe4 10. Nxe4 Bb7 11. Re1 Nxe4 12. Bxe4 Bxe4 13. Rxe4 Nf6 14. Re1 Nd5 15. b3 h6 16. Bb2 Bb4 17. Re2 Re8 18. h3 Qf6 19. Rxe8+ Rxe8 20. Qc2 Bd6 21. Rd1 Nb4 22. Qb1 Nd5 23. Qc2 Re6 24. a3 Qe7 25. Rf1 Nf4 26. Bc1 Ne2+ 27. Kh1 Nxc1 28. Qxc1 Bxa3 29. Qd1 Bd6 30. Re1 Rxe1+ 31. Nxe1 Qe4 32. Nf3 a5 33. Qa1 Qc2 34. Qe1 Qxb3 35. Qe8+ Kh7 36. Qe4+ g6 37. g3 a4 0-1